[Event "GEO-chT Club"]
[Site "Tbilisi"]
[Date "2017.12.04"]
[Round "6.4"]
[White "Nachqebia, Luka"]
[Black "Magalashvili, Davit"]
[Result "0-1"]
[WhiteElo "2057"]
[BlackElo "2496"]
[PlyCount "68"]
[EventDate "2017.11.29"]
[EventType "team-tourn"]
[EventRounds "7"]
[EventCountry "GEO"]
[SourceTitle "CBM 181 Extra"]
[Source "ChessBase"]
[SourceDate "2017.12.12"]
[SourceVersion "1"]
[SourceVersionDate "2017.12.12"]
[SourceQuality "1"]
[WhiteTeam "Samegrelo"]
[BlackTeam "Batumi Nona"]
[WhiteTeamCountry "GEO"]
[BlackTeamCountry "GEO"]

1. e4 c5 2. c3 Nf6 3. e5 Nd5 4. Nf3 Nc6 5. d4 cxd4 6. cxd4 d6 7. Bc4 dxe5 8. dxe5 Ndb4 9. Qxd8+ Nxd8 10. Nd4 Ndc6 11. Nxc6 Nxc6 12. f4 Bf5 13. 0-0 Rc8 14. Be3 e6 15. Nc3 a6 16. Be2 g5 17. g4 gxf4 18. gxf5 fxe3 19. fxe6 fxe6 20. Rf6 Rg8+ 21. Kh1 Ke7 22. Bc4 Nd4 23. Bxe6 Nxe6 24. Nd5+ Kd8 25. Rxe6 e2 26. Nf6 Rc2 27. Re8+ Kc7 28. Nxg8 Rd2 29. Rc1+ Kb6 30. Rg1 Rd1 31. Rxf8 Rxg1+ 32. Kxg1 e1Q+ 33. Rf1 Qe3+ 34. Rf2 Qc1+ 0-1

[Event "GEO-chT Club"]
[Site "Tbilisi"]
[Date "2017.12.02"]
[Round "4.3"]
[White "Nachqebia, Luka"]
[Black "Tsomaia, Nikoloz"]
[Result "1-0"]
[WhiteElo "2057"]
[BlackElo "2206"]
[PlyCount "115"]
[EventDate "2017.11.29"]
[EventType "team-tourn"]
[EventRounds "7"]
[EventCountry "GEO"]
[SourceTitle "CBM 181 Extra"]
[Source "ChessBase"]
[SourceDate "2017.12.12"]
[SourceVersion "1"]
[SourceVersionDate "2017.12.12"]
[SourceQuality "1"]
[WhiteTeam "Samegrelo"]
[BlackTeam "Racha Ambrulauri"]
[WhiteTeamCountry "GEO"]
[BlackTeamCountry "GEO"]

1. e4 e5 2. Bc4 Nc6 3. Nf3 Bc5 4. c3 Nf6 5. d3 0-0 6. Bg5 h6 7. Bh4 Be7 8. 0-0 d6 9. b4 Nh5 10. Bg3 Nxg3 11. fxg3 a5 12. b5 Nb8 13. a4 Nd7 14. d4 Bf6 15. Ra2 Qe7 16. Raf2 Nb6 17. Bd3 g6 18. Nbd2 Be6 19. d5 Bc8 20. h3 Bg7 21. Kh2 Bd7 22. Nc4 Nc8 23. Nfd2 c6 24. dxc6 bxc6 25. Ne3 Nb6 26. Ndc4 Nxa4 27. Qxa4 cxb5 28. Nd5 Qd8 29. Qa2 bxc4 30. Bxc4 Be8 31. Nf6+ Bxf6 32. Rxf6 Kg7 33. Bxf7 Qxf6 34. Rxf6 Kxf6 35. Bd5 Bf7 36. Qf2+ Kg7 37. Bxa8 Rxa8 38. Qb2 a4 39. Qa3 Ra6 40. Kg1 Kf6 41. Kf2 Ke7 42. c4 Kf6 43. Ke3 Bxc4 44. Qb4 Be6 45. Qb5 Ra7 46. Qb8 Rd7 47. Qa8 Bb3 48. Qf8+ Ke6 49. Qe8+ Re7 50. Qxg6+ Kd7 51. Qf5+ Kc7 52. Qf1 Re8 53. Qa6 Rb8 54. g4 Rb6 55. Qa7+ Rb7 56. Qa5+ Kc6 57. h4 Bd1 58. Qd5+ 1-0

[Event "GEO-chT Club"]
[Site "Tbilisi"]
[Date "2017.12.01"]
[Round "3.3"]
[White "Quparadze, Giga"]
[Black "Nachqebia, Luka"]
[Result "1-0"]
[WhiteElo "2515"]
[BlackElo "2057"]
[PlyCount "31"]
[EventDate "2017.11.29"]
[EventType "team-tourn"]
[EventRounds "7"]
[EventCountry "GEO"]
[SourceTitle "CBM 181 Extra"]
[Source "ChessBase"]
[SourceDate "2017.12.12"]
[SourceVersion "1"]
[SourceVersionDate "2017.12.12"]
[SourceQuality "1"]
[WhiteTeam "Tbilisi"]
[BlackTeam "Samegrelo"]
[WhiteTeamCountry "GEO"]
[BlackTeamCountry "GEO"]

1. e4 e5 2. Nf3 Nc6 3. d4 exd4 4. Nxd4 Nf6 5. Nxc6 bxc6 6. e5 Qe7 7. Qe2 Nd5 8. c4 Ba6 9. b3 g6 10. Bb2 Bg7 11. g3 0-0 12. Bg2 d6 13. 0-0 dxe5 14. Qd2 Nb4 15. a3 Nd5 16. Qa5 1-0

[Event "GEO-chT Club"]
[Site "Tbilisi"]
[Date "2017.11.30"]
[Round "2.2"]
[White "Nachqebia, Luka"]
[Black "Mchedlishvili, Mikheil"]
[Result "0-1"]
[WhiteElo "2057"]
[BlackElo "2604"]
[PlyCount "66"]
[EventDate "2017.11.29"]
[EventType "team-tourn"]
[EventRounds "7"]
[EventCountry "GEO"]
[SourceTitle "CBM 181 Extra"]
[Source "ChessBase"]
[SourceDate "2017.12.12"]
[SourceVersion "1"]
[SourceVersionDate "2017.12.12"]
[SourceQuality "1"]
[WhiteTeam "Samegrelo"]
[BlackTeam "Rustavi"]
[WhiteTeamCountry "GEO"]
[BlackTeamCountry "GEO"]

1. e4 c5 2. Nc3 Nc6 3. Nge2 e6 4. g3 Nf6 5. Bg2 Qc7 6. 0-0 a6 7. a4 d6 8. d3 Be7 9. h3 Rb8 10. d4 cxd4 11. Nxd4 0-0 12. Kh2 Nxd4 13. Qxd4 b6 14. Be3 Nd7 15. f4 Bb7 16. Rad1 Bc6 17. b4 Rbc8 18. Bf2 Bb7 19. Be1 Rfd8 20. Rf3 Qb8 21. Rfd3 Rc7 22. Qe3 Rdc8 23. g4 h6 24. h4 Rc4 25. g5 hxg5 26. hxg5 d5 27. exd5 Bxg5 28. Bg3 Bxf4 29. Bxf4 Rxf4 30. d6 Rh4+ 31. Bh3 Rcc4 32. Rg1 Qd8 33. Qd2 Ne5 0-1

[Event "GEO-chT Club"]
[Site "Tbilisi"]
[Date "2017.11.29"]
[Round "1.4"]
[White "Zardiashvili, Akaki"]
[Black "Nachqebia, Luka"]
[Result "1-0"]
[WhiteElo "1880"]
[BlackElo "2057"]
[PlyCount "45"]
[EventDate "2017.11.29"]
[EventType "team-tourn"]
[EventRounds "7"]
[EventCountry "GEO"]
[SourceTitle "CBM 181 Extra"]
[Source "ChessBase"]
[SourceDate "2017.12.12"]
[SourceVersion "1"]
[SourceVersionDate "2017.12.12"]
[SourceQuality "1"]
[WhiteTeam "Kakheti"]
[BlackTeam "Samegrelo"]
[WhiteTeamCountry "GEO"]
[BlackTeamCountry "GEO"]

1. d4 Nf6 2. Nf3 d5 3. Bf4 c5 4. e3 Nc6 5. Bb5 Qa5+ 6. Nc3 Ne4 7. 0-0 Nxc3 8. Bxc6+ bxc6 9. bxc3 Qxc3 10. Ne5 cxd4 11. exd4 Ba6 12. Re1 Rc8 13. Qg4 Rd8 14. Qf5 f6 15. Qh5+ g6 16. Nxg6 hxg6 17. Qxh8 g5 18. Qh5+ Kd7 19. Qg4+ Ke8 20. Bc7 Rc8 21. Bd6 Qxc2 22. Qe6 Qh7 23. Qxf6 1-0